000 01375nam a2200301Ia 4500
003 OSt
005 20201008150129.0
008 191128s1995 ck gr 000 0 spa d
020 _a9586003434
040 _aCO-JMCR
_cCO-JMCR
041 0 _aspa
082 0 4 _a658.15 /
_bB828m
_223
100 1 _aBrealey, Richard A.,
_eautor
_911348
245 1 0 _aManual de finanzas corporativas /
_cRichard A. Brealey, Stewart C. Myers ; traducción Carmen Ansotegui Olcoz, Manuel A. Espitia Escuer, Julio Jimenez Martinez
250 _aCuarta edición
260 _aBogotá :
_bMcGraw-Hill,
_c1995.
300 _a821-1203 páginas ;
_c 24 cm.
505 0 _av.1 El valor, Riesgo. -- v.2 Política de dividendos y estructura de capital, Financiación por deuda. -- v.3 Decisiones financieras a corto plazo, Fusiones, finanzas internacionales y pensiones.
520 0 _aLa financiación empresarial y las seis lecciones de la eficiencia del mercado -- Panorámica de la financiación empresarial -- Cómo emiten títulos las empresas
534 _pPrinciples of corporate finance
650 2 4 _aEmpresas
_911349
650 2 4 _aFinanzas
_911350
650 2 4 _aManuales
_95925
700 1 _aAnsotegui Alcoz, María del Carmen,
_etraductora
_911351
700 1 _a Espitia Escuer, Manuel A.,
_etraductor
_911352
700 1 _aJimenez Martinez, Julio,
_etraductor
_911353
942 _2ddc
_cBK
999 _c6902
_d6902